00291nam a2200121Ia 4500008004100000041000900041082001500050100002200065245003000087260003700117300000700154650000800161230718s9999 xx 000 0 und d aEng. a310bHEM-T aHemingaray Ernest 4aThe cold man and the sear aPakistanbexford oni paersc2009 a78 aLaw